000 00619nam a2200241Ia 4500
003 OSt
005 20220928102551.0
006 a|||||r|||| 00| 0
007 ta
008 220927b |||||||| |||| 00| 0 eng d
024 _a131125
037 _cTextual
040 _aSDCL
_cSDCL
_beng
041 _2eng
_aeng
082 _aQ2:447, F8
100 _aVishveshawar Saraswati
_9399012
245 0 _aYatidharmsangrah.
260 _c1928
300 _a166p.
_ccm.
490 _aAnandashram Sanskrit Granthawali 60
942 _hQ2:447, F8
_cTEXL
_2CC
999 _c714874
_d714874